| 000 | 00760cam a22002413a 4500 | ||
|---|---|---|---|
| 001 | 21788 | ||
| 003 | PGUSA | ||
| 005 | 20140828083449.0 | ||
| 008 | 070609s2007||||xxu|||||s|||||000 1 eng d | ||
| 040 |
_aPGUSA _beng |
||
| 042 | _adc | ||
| 050 | 4 | _aPZ | |
| 100 | 1 |
_aHenty, G. A. _q(George Alfred), _d1832-1902 |
|
| 245 | 1 | 0 |
_aHeld Fast For England : _bA Tale of the Siege of Gibraltar (1779-83) _h[electronic resource] / _cG. A. Henty |
| 260 |
_bProject Gutenberg, _c2007 |
||
| 506 | _aPublic domain in the USA. | ||
| 516 | _aElectronic text | ||
| 653 | _aGibraltar -- History -- Siege, 1779-1783 -- Fiction | ||
| 700 | 1 |
_aBrowne, Gordon, _d1858-1932 |
|
| 830 | 0 |
_aProject Gutenberg _v21788 |
|
| 856 | 4 | 0 | _uhttp://www.gutenberg.org/ebooks/21788 |
| 942 | _cEB | ||
| 999 |
_c251043 _d251043 |
||